Music Quiz

Random Music Quiz

Eminem's List Quiz Stats

 Plays Quiz not verified by Sporcle

Challenge
Share
Tweet
Embed
Score 0/8 Timer 02:00
0 Plays Today
Order Rapper % Correct
3Tupac
93.3%
4Biggie
92.8%
2Jay-Z
92.5%
1Reggie
89%
5Andre from Outkast
79.5%
8Nas
69.5%
6Jada
54.3%
7Kurupt
48.1%

You're not logged in!

Compare scores with friends on all Sporcle quizzes.
Join for Free
OR
Log In

You Might Also Like...

Show Comments

Extras

Created Jan 9, 2010ReportNominate
Tags:collapse, Eminem, name, order, rapper

Top Quizzes Today


Score Distribution

Your Account Isn't Verified!

In order to create a playlist on Sporcle, you need to verify the email address you used during registration. Go to your Sporcle Settings to finish the process.

Report this User

Report this user for behavior that violates our Community Guidelines.

Details: